UBT Library

Building J2EE applications with the rational unified process / (Record no. 40248)

000 -LEADER
fixed length control field 00793cam a22002414a 4500
001 - CONTROL NUMBER
control field 12770412
005 - DATE AND TIME OF LATEST TRANSACTION
control field 20180115045344.0
008 - FIXED-LENGTH DATA ELEMENTS--GENERAL INFORMATION
fixed length control field 020510s2003 mau b 001 0 eng
010 ## - LIBRARY OF CONGRESS CONTROL NUMBER
LC control number 2002007332
020 ## - INTERNATIONAL STANDARD BOOK NUMBER
International Standard Book Number 0201791668 (pbk.)
040 ## - CATALOGING SOURCE
Original cataloging agency DLC
Transcribing agency DLC
Modifying agency DLC
041 ## - LANGUAGE CODE
Language code of text/sound track or separate title eng
042 ## - AUTHENTICATION CODE
Authentication code pcc
080 ## - UNIVERSAL DECIMAL CLASSIFICATION NUMBER
Universal Decimal Classification number 005.133 PET
082 00 - DEWEY DECIMAL CLASSIFICATION NUMBER
Classification number 005.133 PET
Edition number 21
100 1# - Rafti
Rafti 33
101 ## - Shkurtesa
Shkurtesa SHK
245 10 - TITLE STATEMENT
Title Building J2EE applications with the rational unified process /
Statement of responsibility, etc Peter Eeles, Kelli Houston, Wojtek Kozaczynski.
504 ## - BIBLIOGRAPHY, ETC. NOTE
Bibliography, etc Includes bibliographical references (p. 257) and index.
906 ## - LOCAL DATA ELEMENT F, LDF (RLIN)
a 7
b cbc
c orignew
d 1
e ecip
f 20
g y-gencatlg
942 ## - ADDED ENTRY ELEMENTS (KOHA)
Source of classification or shelving scheme
Item type Books
Holdings
Withdrawn status Lost status Source of classification or shelving scheme Damaged status Not for loan Collection code Permanent location Current location Shelving location Date acquired Total Checkouts Full call number Barcode Date last seen Price effective from Koha item type
          Koleksioni i përgjithshem UBT - Lipjan UBT - Lipjan Koleksioni i përgjithshem 01/15/2018   005.133 PET 002-2995473 01/15/2018 01/15/2018 Books
UBT Library © 2015-2024. All rights reserved University Education for Business and Technology